Holiday Quiz

Random Holiday or Clickable Quiz
Score 0/25 Timer 03:00
0 Plays Today
% Correct
Ameri
98.2%
Thanks
97.7%
choco
96.8%
cran
96.7%
holi
96.4%
cele
96.2%
pota
95.8%
stuff
95.7%
pud
95.7%
foot
95.6%
pump
95.6%
gr
95.5%
tur
95.3%
% Correct
din
94.8%
casse
94.3%
au
94%
chic
93.9%
fa
93.8%
cob
93.6%
pil
92.8%
har
91.9%
pa
91.8%
fe
91.6%
pe
91.1%
Wam
87.5%

You're not logged in!

Compare scores with friends on all Sporcle quizzes.
OR
Log In

Sporcle TV

Today on Sporcle TV


Watch our educational content, quiz creation guides, and fun videos on Sporcle TV.

Show Comments

Extras

Top Quizzes Today


Score Distribution

Your Account Isn't Verified!

In order to create a playlist on Sporcle, you need to verify the email address you used during registration. Go to your Sporcle Settings to finish the process.

Report this User

Report this user for behavior that violates our Community Guidelines.

Details: